[Event "Bucharest Grand Prix op"]
[Site "Bucharest"]
[Date "2024.03.24"]
[Round "7"]
[White "Cosma, Elena Luminita"]
[Black "Bulau, Andrei Cristian"]
[Result "0-1"]
[WhiteElo "2238"]
[BlackElo "2142"]
[PlyCount "74"]
[EventDate "2024.03.23"]
[EventType "swiss (rapid)"]
[EventRounds "10"]
[EventCountry "ROU"]
[SourceTitle "CB13_2024"]
[SourceDate "2024.03.27"]
[SourceVersion "1"]
[SourceVersionDate "2024.03.27"]
[SourceQuality "1"]

1. d4 d5 2. c4 e6 3. Nf3 c6 4. Nbd2 Nf6 5. g3 Nbd7 6. Bg2 Bd6 7. 0-0 b6 8. Qc2 Bb7 9. e4 dxe4 10. Nxe4 Nxe4 11. Qxe4 Nf6 12. Qe2 0-0 13. Ne5 Qc7 14. Bg5 Nd7 15. Nxd7 Qxd7 16. Rfd1 Qc7 17. Qg4 Kh8 18. Qf3 Rab8 19. c5 bxc5 20. dxc5 Bxc5 21. Bf4 e5 22. Be3 Bb6 23. Rac1 c5 24. Qe2 Bxg2 25. Kxg2 Rfd8 26. Qf3 c4 27. Rxd8+ Rxd8 28. b3 Bxe3 29. Rxc4 Qe7 30. Qxe3 h6 31. h4 f5 32. Qc5 Qb7+ 33. Qc6 Qf7 34. Rb4 Rd7 35. h5 Kh7 36. Rb8 Rd2 37. Qc8 Qd5+ 0-1

[Event "Bucharest Grand Prix"]
[Site "Bucharest"]
[Date "2023.04.30"]
[Round "5"]
[White "Bulau, Andrei Cristian"]
[Black "Hamitevici, Vladimir"]
[Result "1/2-1/2"]
[WhiteElo "2164"]
[BlackElo "2496"]
[PlyCount "107"]
[EventDate "2023.04.29"]
[EventType "swiss (rapid)"]
[EventRounds "10"]
[EventCountry "ROU"]
[SourceTitle "CBM 213 Extra"]
[Source "ChessBase"]
[SourceDate "2023.05.31"]
[SourceVersion "1"]
[SourceVersionDate "2023.05.31"]
[SourceQuality "1"]

1. d4 Nf6 2. c4 c5 3. d5 b5 4. cxb5 a6 5. e3 axb5 6. Bxb5 Qa5+ 7. Nc3 Bb7 8. Bd2 Qb6 9. a4 Nxd5 10. Nxd5 Bxd5 11. Nf3 e6 12. Bc3 Be7 13. 0-0 0-0 14. Nd2 f5 15. e4 fxe4 16. Qg4 Bf6 17. Nxe4 Bxe4 18. Bxf6 Rxf6 19. Qxe4 d5 20. Qe3 Nc6 21. Bxc6 Qxc6 22. Rfc1 d4 23. Qxd4 Rg6 24. g3 Rg5 25. b4 Rd5 26. Rxc5 Rxd4 27. Rxc6 Rxb4 28. a5 Kf7 29. Rc7+ Kf6 30. a6 h5 31. h4 g5 32. hxg5+ Kxg5 33. Ra5+ Kg6 34. a7 h4 35. gxh4 Rxh4 36. Rb7 Rhh8 37. Rab5 Rhc8 38. Kg2 Rc2 39. Re7 Ra2 40. Rxe6+ Kf7 41. Re3 Rg8+ 42. Kf3 Rxa7 43. Kf4 Rg6 44. f3 Ra4+ 45. Re4 Rf6+ 46. Rf5 Rxf5+ 47. Kxf5 Ra6 48. f4 Rb6 49. Ra4 Kf8 50. Ra7 Rc6 51. Kg5 Rb6 52. f5 Rc6 53. f6 Rc1 54. Ra8+ 1/2-1/2

[Event "ROM-chT"]
[Site "Oradea"]
[Date "2022.09.24"]
[Round "4.1"]
[White "Antonica, Dragos Andrei"]
[Black "Bulau, Andrei Cristian"]
[Result "1/2-1/2"]
[WhiteElo "2321"]
[BlackElo "2183"]
[PlyCount "34"]
[EventDate "2022.09.21"]
[EventType "team-tourn"]
[EventRounds "9"]
[EventCountry "ROU"]
[SourceTitle "EXT 2024"]
[Source "ChessBase"]
[SourceDate "2023.10.10"]
[SourceVersion "1"]
[SourceVersionDate "2023.10.10"]
[SourceQuality "1"]
[WhiteTeam "Baia Mare Municipiului"]
[BlackTeam "Techirghiol Victoria"]
[WhiteTeamCountry "ROU"]
[BlackTeamCountry "ROU"]

1. Nf3 d5 2. c4 c6 3. b3 Nf6 4. Bb2 Nbd7 5. g3 g6 6. Nc3 Bg7 7. Bg2 0-0 8. 0-0 Ne4 9. Qc2 Nxc3 10. Bxc3 e5 11. cxd5 cxd5 12. d3 Re8 13. Rac1 Nb6 14. e4 d4 15. Ba5 Bd7 16. Nd2 Rc8 17. Nc4 Qe7 1/2-1/2

[Event "ROM-chT"]
[Site "Oradea"]
[Date "2022.09.23"]
[Round "3.1"]
[White "Bulau, Andrei Cristian"]
[Black "Toma, Radu Cristian"]
[Result "0-1"]
[WhiteElo "2183"]
[BlackElo "2410"]
[PlyCount "106"]
[EventDate "2022.09.21"]
[EventType "team-tourn"]
[EventRounds "9"]
[EventCountry "ROU"]
[SourceTitle "EXT 2024"]
[Source "ChessBase"]
[SourceDate "2023.10.10"]
[SourceVersion "1"]
[SourceVersionDate "2023.10.10"]
[SourceQuality "1"]
[WhiteTeam "Techirghiol Victoria"]
[BlackTeam "Superbet ASE"]
[WhiteTeamCountry "ROU"]
[BlackTeamCountry "ROU"]

1. d4 Nf6 2. c4 e6 3. Nc3 Bb4 4. e3 c5 5. Bd3 0-0 6. Nge2 cxd4 7. exd4 d5 8. 0-0 Be7 9. Bg5 Nc6 10. Rc1 dxc4 11. Bxc4 Nd5 12. Bxe7 Ncxe7 13. Nxd5 Nxd5 14. Qd2 Bd7 15. Bxd5 exd5 16. Rc5 Bc6 17. Nf4 Qg5 18. Qc1 Qf5 19. g3 Rad8 20. Qb1 Qf6 21. Qd3 Rfe8 22. h4 h6 23. Rd1 Re4 24. Nxd5 Qe6 25. Ne3 Rexd4 26. Qxd4 Rxd4 27. Rxd4 Qxa2 28. Rc2 Qe6 29. Kh2 a5 30. Rcd2 a4 31. Rf4 Kh7 32. Rfd4 Qe5 33. Rf4 f6 34. Rfd4 Qh5 35. Rf4 Qc5 36. Rc4 Qh5 37. Rf4 Qf7 38. Rc4 Qg6 39. Rd1 Qh5 40. Rc2 Qf3 41. Rcd2 b5 42. Rg1 Bd7 43. Nc2 Qg4 44. Kg2 Bc6+ 45. Kh2 Bd7 46. Kg2 Qh3+ 47. Kf3 Bc6+ 48. Ke2 Qg4+ 49. Ke1 Bf3 50. Rd4 Qf5 51. Kd2 Be4 52. Rc1 Qxf2+ 53. Kc3 Qxg3+ 0-1

[Event "ROM-chT"]
[Site "Mamaia"]
[Date "2021.10.04"]
[Round "4.5"]
[White "Antonica, Dragos Andrei"]
[Black "Bulau, Andrei Cristian"]
[Result "1-0"]
[WhiteElo "2325"]
[BlackElo "2186"]
[PlyCount "72"]
[EventDate "2021.10.02"]
[EventType "team-tourn"]
[EventRounds "11"]
[EventCountry "ROU"]
[SourceTitle "CBM 204 Extra"]
[Source "ChessBase"]
[SourceDate "2021.11.30"]
[SourceVersion "1"]
[SourceVersionDate "2021.11.30"]
[SourceQuality "1"]
[WhiteTeam "Galati Smart"]
[BlackTeam "Urziceni Viitorul"]
[WhiteTeamCountry "ROU"]
[BlackTeamCountry "ROU"]

1. c4 c6 2. d4 d5 3. cxd5 cxd5 4. Bf4 Nc6 5. Nc3 Bf5 6. e3 e6 7. Qb3 Bb4 8. a3 Qa5 9. Rc1 Bxc3+ 10. Rxc3 0-0-0 11. Bb5 Nge7 12. Nf3 f6 13. 0-0 Qb6 14. Rfc1 Kd7 15. Qa4 a6 16. Bf1 Ke8 17. b4 Kf7 18. Nd2 g5 19. Bg3 h5 20. f3 h4 21. Bf2 g4 22. fxg4 Bxg4 23. b5 axb5 24. Qxb5 Qc7 25. Nb3 Nf5 26. Nc5 Nd6 27. Qb3 Rb8 28. e4 Nxe4 29. Nxe4 dxe4 30. d5 exd5 31. Qxd5+ Be6 32. Qxe4 Qe5 33. Qb1 Bd5 34. Rc5 Ne7 35. Re1 Qg5 36. Rc7 Rhe8 1-0